Česko vs. Slovensko aneb tak trochu jinak podobné problémy

Pohľad na odlišnosti v oblasti bankovej regulácie Slovenskej a Českej republiky.

Gespeichert in:
Bibliographische Detailangaben
Format: Buchkapitel
Sprache:Tschechisch
Schlagworte:
Tags: Tag hinzufügen
Keine Tags, Fügen Sie das erste Tag hinzu!

MARC

LEADER 00000naa a2200000 4500
001 0251477
005 20221104110356.9
041 0 |a cze 
044 |a CZ 
245 1 0 |a Česko vs. Slovensko aneb tak trochu jinak podobné problémy 
520 |a Pohľad na odlišnosti v oblasti bankovej regulácie Slovenskej a Českej republiky. 
610 2 0 |a Slovensko 
610 2 0 |a Česko 
610 2 0 |a regulácia finančná 
610 2 0 |a dohľad bankový 
610 2 0 |a legislatíva